000 00354nam a2200133Ia 4500
005 20251222151342.0
008 251222s9999||||xx |||||||||||||| ||spa||
082 _aREF.423/V39/V.I
100 _aVelásquez de la Cadena, Mariano
245 0 _aSpanish and English Languages
250 _a1ra.ed.
264 _bAppleton-Century-Crofts, Inc.
942 _cLIB
999 _c24521
_d24521